Kirjaimella L alkavien valtioiden naapurimaat - Statistics

Yleistilastot
  • Tätä visaa on pelattu 74 kertaa
  • Keskiarvotulos 22 / 28
Vastaustilastot
L:llä alkava valtio Rajanaapuri % Oikein
Latvia Viro
96%
Luxemburg Belgia
94%
Luxemburg Saksa
94%
Latvia, Liettua Valko-Venäjä
92%
Latvia, Liettua Venäjä
92%
Liettua Latvia
91%
Latvia Liettua
91%
Liettua Puola
91%
Luxemburg Ranska
89%
Laos Vietnam
89%
Lesotho Etelä-Afrikka
85%
Laos Kambodža
81%
Libya Egypti
79%
Liechtenstein Itävalta
79%
Liechtenstein Sveitsi
79%
Libanon Syyria
79%
LIbanon Israel
75%
Laos Thaimaa
75%
Liberia Guinea
74%
Liberia Sierra Leone
74%
Libya Tšad
74%
Libya Algeria
72%
Laos Kiina
70%
Libya Sudan
68%
Liberia Norsunluurannikko
64%
Libya Tunisia
62%
Laos Myanmar
57%
Libya Niger
55%
Ehtoja vastaavia visoja ei löytynyt
Tulosjakauma
Jokaisen tuloksen saaneiden osuus
Persentiili vastausten määrän mukaan
Tuloshistoriasi
Et ole pelannut tätä visaa